Příprava daňové reformy Sborník ze semináře

Saved in:
Bibliographic Details
Format: Book
Language:Czech
Published: Praha Akademie J.A. Komenského 1991
Edition:1. vyd.
Tags: Add Tag
No Tags, Be the first to tag this record!

MARC

LEADER 00000nam a2200000 4500
001 c024134
005 20221206114907.8
041 0 |a cze 
044 |a CZ 
245 1 0 |a Příprava daňové reformy  |b Sborník ze semináře 
250 |a 1. vyd. 
264 1 |a Praha  |b Akademie J.A. Komenského  |c 1991 
300 |a 12 s.